Zhengzhou City Quiz - Statistics

General Stats
  • This quiz has been taken 4 times
  • The average score is 11 of 20
Answer Stats
Hint Answer % Correct
Province in which Zhengzhou is located Henan
100%
Mountain to the southeast of Zhengzhou Mount Song
100%
Mausoleum near Zhengzhou where emperors of this dynasty were buried Song Dynasty
100%
River that flows north of Zhengzhou Yellow River
100%
Of the five great mountains in China, this mountain lies in this direction Central
75%
Zhengzhou was capital of China during this dynasty Shang Dynasty
75%
Famous temple located near this mountain Shaolin Monastery
75%
Former name of this province, meaning “central plains” Zhongyuan
75%
“Ancestor of the Chinese people” born 4700 years ago in Zhengzhou Huang Di
50%
This temple is known for this type of martial art Kung Fu
50%
Small mountain to the west of Zhengzhou, known for its scenery Changshou Mountain
25%
Tower in Zhengzhou that commemorates this event Erqi Strike Memorial Tower
25%
Strike of railway workers bloodily suppressed on February 7, 1937 February 7 Strike
25%
Tallest TV tower made of steel in the world Fu Tower
25%
Canyon located west of Zhengzhou named for a mythical man Fuxi Grand Canyon
25%
Large mansion of the Ming and Qing Dynasties west of Zhengzhou Kangbaiwan’s Mansion
25%
Lake located in the center of Zhengzhou’s CBD Ruyi Lake
25%
Temple with stone carvings built during the Northern Wei Dynasty Shiku Temple
25%
Academy located at the foot of this mountain Songyang Academy
25%
Attraction near this canyon in the same mountain Triple Falls Lake
25%
No matching quizzes found
Score Distribution
Percent of People with Each Score
Percentile by Number Answered
Your Score History
You have not taken this quiz